[Event "ESP-ch 89th"]
[Site "Marbella"]
[Date "2024.12.18"]
[Round "8"]
[White "Quintin Navarro, Alberto"]
[Black "Garijo Perez, Hugo"]
[Result "1/2-1/2"]
[WhiteElo "2366"]
[BlackElo "2137"]
[PlyCount "61"]
[EventDate "2024.12.11"]
[EventType "swiss"]
[EventRounds "9"]
[EventCountry "ESP"]
[SourceTitle "CB52_2024"]
[SourceDate "2024.12.25"]
[SourceVersion "1"]
[SourceVersionDate "2024.12.25"]
[SourceQuality "1"]

1. d4 Nf6 2. c4 e6 3. Nf3 d5 4. g3 Be7 5. Bg2 0-0 6. 0-0 dxc4 7. Qc2 a6 8. a4 Bd7 9. Rd1 Bc6 10. Nc3 Bxf3 11. Bxf3 Nc6 12. Bxc6 bxc6 13. Bg5 Rb8 14. Bxf6 Bxf6 15. e3 c5 16. dxc5 Qe7 17. Ne4 Bxb2 18. Rab1 f5 19. Rxb2 Rxb2 20. Qxb2 fxe4 21. Qd4 Qf6 22. Qxf6 gxf6 23. Rd4 f5 24. Rxc4 Rd8 25. Rb4 Rd5 26. Rb8+ Kf7 27. Ra8 Rxc5 28. Rxa6 Rc1+ 29. Kg2 Ra1 30. Rc6 Rxa4 31. Rxc7+ 1/2-1/2

[Event "Barcelona Sants op 25th"]
[Site "Barcelona"]
[Date "2024.08.25"]
[Round "3"]
[White "Garijo Perez, Hugo"]
[Black "Mamatov, Melis"]
[Result "0-1"]
[WhiteElo "2113"]
[BlackElo "2360"]
[PlyCount "88"]
[EventDate "2024.08.23"]
[EventType "swiss"]
[EventRounds "10"]
[EventCountry "ESP"]
[SourceTitle "CBM 221 Extra"]
[Source "ChessBase"]
[SourceDate "2024.09.30"]
[SourceVersion "1"]
[SourceVersionDate "2024.09.30"]
[SourceQuality "1"]

1. e4 e5 2. Nf3 Nc6 3. Bb5 a6 4. Ba4 Nf6 5. 0-0 b5 6. Bb3 Bc5 7. c3 d6 8. Re1 Bb6 9. h3 0-0 10. d4 h6 11. a4 Rb8 12. Na3 exd4 13. cxd4 Re8 14. axb5 axb5 15. Nxb5 Rxe4 16. Rxe4 Nxe4 17. Bd5 Qe8 18. Qc2 Nb4 19. Qxe4 Qxb5 20. Ra8 Rxa8 21. Bxa8 Bf5 22. Qh4 Qe8 23. Bb7 Nd3 24. Be3 Nxb2 25. Bd5 c6 26. Qf4 cxd5 27. Qxf5 Qe6 28. Qb1 Nc4 29. Qb5 Kh7 30. h4 Nxe3 31. fxe3 Qxe3+ 32. Kh1 Bxd4 33. Qxd5 Qc1+ 34. Kh2 Be5+ 35. Nxe5 Qf4+ 36. g3 Qxe5 37. Qxf7 Qe4 38. h5 d5 39. g4 d4 40. Kg3 d3 41. Qf3 Qd4 42. Qc6 Qe5+ 43. Kf3 Qe2+ 44. Kf4 Qf2+ 0-1

[Event "Alicante op 4th"]
[Site "Alicante"]
[Date "2024.05.31"]
[Round "1"]
[White "Garijo Perez, Hugo"]
[Black "Sanchez Criado, Jose Luis"]
[Result "1-0"]
[WhiteElo "2056"]
[BlackElo "1723"]
[PlyCount "47"]
[EventDate "2024.05.31"]
[EventType "swiss"]
[EventRounds "7"]
[EventCountry "ESP"]
[SourceTitle "CBM 220 Extra"]
[Source "ChessBase"]
[SourceDate "2024.07.31"]
[SourceVersion "1"]
[SourceVersionDate "2024.07.31"]
[SourceQuality "1"]

1. e4 e5 2. Nf3 Nf6 3. d4 Nxe4 4. Bd3 d5 5. Nxe5 Bd6 6. 0-0 0-0 7. Re1 Bf5 8. f3 f6 9. fxe4 fxe5 10. exf5 e4 11. g3 exd3 12. Qxd3 Nd7 13. Nc3 c6 14. Re6 Nf6 15. Bg5 Qc7 16. Bxf6 Rxf6 17. Rxf6 gxf6 18. Re1 Kf7 19. Qf3 Qd7 20. Re6 Rg8 21. Nxd5 cxd5 22. Qxd5 Kg7 23. Qxd6 Qb5 24. Re7+ 1-0

[Event "Benidorm Bali op-A 20th"]
[Site "Benidorm"]
[Date "2023.12.06"]
[Round "7"]
[White "Domingo Nunez, Ruben"]
[Black "Garijo Perez, Hugo"]
[Result "1-0"]
[WhiteElo "2429"]
[BlackElo "2222"]
[PlyCount "65"]
[EventDate "2023.12.01"]
[EventType "swiss"]
[EventRounds "9"]
[EventCountry "ESP"]
[SourceTitle "CBM 217 Extra"]
[Source "ChessBase"]
[SourceDate "2024.01.31"]
[SourceVersion "1"]
[SourceVersionDate "2024.01.31"]
[SourceQuality "1"]

1. c4 f5 2. Nf3 Nf6 3. g3 g6 4. Bg2 Bg7 5. Nc3 d6 6. d4 0-0 7. d5 c6 8. 0-0 e5 9. e4 Na6 10. exf5 gxf5 11. Ng5 e4 12. f3 h6 13. Nh3 Nc5 14. Be3 exf3 15. Qxf3 Nce4 16. Rad1 c5 17. Nf4 Ng5 18. Qe2 Re8 19. Qd3 Ng4 20. Bc1 Bd4+ 21. Kh1 Nf2+ 22. Rxf2 Bxf2 23. h4 Nf7 24. Ne6 Rxe6 25. dxe6 Bxe6 26. Qe2 Bxg3 27. Qxe6 Qxh4+ 28. Kg1 f4 29. Ne4 Kg7 30. Nxd6 Qh2+ 31. Kf1 Rf8 32. Nf5+ Kh7 33. Qf6 1-0

[Event "ESP-ch 88th"]
[Site "Marbella"]
[Date "2023.10.20"]
[Round "8"]
[White "Garijo Perez, Hugo"]
[Black "Laliena Solanes, Luis M"]
[Result "1/2-1/2"]
[WhiteElo "2153"]
[BlackElo "2192"]
[PlyCount "81"]
[EventDate "2023.10.13"]
[EventType "swiss"]
[EventRounds "9"]
[EventCountry "ESP"]
[SourceTitle "CBM 216 Extra"]
[Source "ChessBase"]
[SourceDate "2023.11.30"]
[SourceVersion "1"]
[SourceVersionDate "2023.11.30"]
[SourceQuality "1"]

1. e4 c6 2. Nf3 d5 3. d3 dxe4 4. dxe4 Qxd1+ 5. Kxd1 Nf6 6. Nfd2 g5 7. f3 h5 8. a4 g4 9. Nc4 Bh6 10. Nc3 Bxc1 11. Rxc1 gxf3 12. gxf3 Be6 13. Kd2 Nbd7 14. Ke3 Rg8 15. b4 0-0-0 16. a5 Ne8 17. Nd2 Ne5 18. Ne2 Nc4+ 19. Nxc4 Bxc4 20. Nf4 Bxf1 21. Rhxf1 e5 22. Nd3 f6 23. Rg1 Nd6 24. Rxg8 Rxg8 25. Kf2 Nb5 26. Rg1 Rxg1 27. Kxg1 Nd4 28. Ne1 c5 29. bxc5 Kd7 30. Kf2 Kc6 31. Kg3 Kb5 32. Kh4 Kxa5 33. Kxh5 Kb4 34. Kg6 a5 35. h4 a4 36. h5 a3 37. Nd3+ Kc3 38. Nc1 Kb2 39. Nd3+ Kc3 40. Nc1 Kb2 41. Na2 1/2-1/2

[Event "ESP-ch 88th"]
[Site "Marbella"]
[Date "2023.10.19"]
[Round "7"]
[White "Sierra Vallina, Lionel"]
[Black "Garijo Perez, Hugo"]
[Result "1-0"]
[WhiteElo "2250"]
[BlackElo "2153"]
[PlyCount "53"]
[EventDate "2023.10.13"]
[EventType "swiss"]
[EventRounds "9"]
[EventCountry "ESP"]
[SourceTitle "CBM 216 Extra"]
[Source "ChessBase"]
[SourceDate "2023.11.30"]
[SourceVersion "1"]
[SourceVersionDate "2023.11.30"]
[SourceQuality "1"]

1. e4 c5 2. Nf3 e6 3. d4 cxd4 4. Nxd4 a6 5. Nc3 b5 6. g3 Bb7 7. Bg2 Nf6 8. Qe2 Nc6 9. Nxc6 Bxc6 10. Nd5 Bb7 11. Nxf6+ gxf6 12. 0-0 Rc8 13. Bf4 e5 14. Be3 Rc4 15. b3 Rc3 16. Rad1 Qc7 17. Bh3 d6 18. Bd2 Rxc2 19. Rc1 Rxc1 20. Rxc1 Qd8 21. a4 bxa4 22. Qc4 Be7 23. Qb4 Qb8 24. Qxa4+ Kf8 25. Bh6+ Kg8 26. Qd7 Bf8 27. Qg4+ 1-0

[Event "ESP-ch 88th"]
[Site "Marbella"]
[Date "2023.10.16"]
[Round "4"]
[White "Martin Carmona, Gaston Manuel"]
[Black "Garijo Perez, Hugo"]
[Result "0-1"]
[WhiteElo "2354"]
[BlackElo "2153"]
[PlyCount "56"]
[EventDate "2023.10.13"]
[EventType "swiss"]
[EventRounds "9"]
[EventCountry "ESP"]
[SourceTitle "CBM 216 Extra"]
[Source "ChessBase"]
[SourceDate "2023.11.30"]
[SourceVersion "1"]
[SourceVersionDate "2023.11.30"]
[SourceQuality "1"]

1. d4 f5 2. Nc3 Nf6 3. Bf4 g6 4. h4 Bg7 5. h5 Nxh5 6. Rxh5 gxh5 7. e3 0-0 8. Qxh5 d6 9. Bc4+ e6 10. Nf3 Qe8 11. Qh2 a6 12. 0-0-0 Nd7 13. Rh1 Nf6 14. e4 b5 15. Bd3 h5 16. exf5 exf5 17. Re1 Qf7 18. Ng5 Qg6 19. g4 hxg4 20. Qg2 Bd7 21. Nd5 Rae8 22. Ne7+ Rxe7 23. Rxe7 Bh6 24. Nh3 Re8 25. Re3 Qh5 26. Rxe8+ Bxe8 27. Bf1 Qxh3 28. Qxh3 Bxf4+ 0-1

[Event "Valencia Cuna op 4th"]
[Site "Valencia"]
[Date "2023.07.09"]
[Round "2"]
[White "Garijo Perez, Hugo"]
[Black "Strikovic, Aleksa"]
[Result "0-1"]
[WhiteElo "2108"]
[BlackElo "2456"]
[PlyCount "98"]
[EventDate "2023.07.08"]
[EventType "swiss"]
[EventRounds "9"]
[EventCountry "ESP"]
[SourceTitle "CBM 215 Extra"]
[Source "ChessBase"]
[SourceDate "2023.09.30"]
[SourceVersion "1"]
[SourceVersionDate "2023.09.30"]
[SourceQuality "1"]

1. e4 d6 2. d4 Nf6 3. Nc3 e5 4. dxe5 dxe5 5. Qxd8+ Kxd8 6. Bg5 c6 7. 0-0-0+ Nbd7 8. Bc4 Ke8 9. f3 Be7 10. h4 b5 11. Be2 Nc5 12. Nh3 Be6 13. b3 Nh5 14. g4 Ng3 15. Rhg1 Nxe2+ 16. Nxe2 h5 17. Bxe7 Kxe7 18. Nf2 hxg4 19. Nxg4 Nd7 20. Ne3 g6 21. Rh1 Nf6 22. Ng3 Nh5 23. Ne2 Rh7 24. c4 bxc4 25. Nxc4 Bxc4 26. bxc4 Nf6 27. Kc2 Nd7 28. h5 Rah8 29. Ng3 Nc5 30. hxg6 fxg6 31. Rxh7+ Rxh7 32. Rh1 Rf7 33. Rh6 Kf6 34. Ne2 Kg7 35. Rh3 Rd7 36. Rg3 Rd3 37. Rg5 Kf6 38. f4 Re3 39. Rxe5 Rxe2+ 40. Kd1 Nd3 41. Re8 Rxe4 42. Rf8+ Kg7 43. Rd8 Nxf4 44. Rd7+ Kf6 45. Rxa7 Rxc4 46. a4 g5 47. Ra8 g4 48. a5 g3 49. Rg8 g2 0-1

[Event "ESP-ch Amateurs U2000"]
[Site "Murcia"]
[Date "2022.09.02"]
[Round "6.3"]
[White "Garijo Perez, Hugo"]
[Black "Hernando Santiago, Alberto"]
[Result "0-1"]
[WhiteElo "1962"]
[BlackElo "1824"]
[PlyCount "104"]
[EventDate "2022.08.30"]
[EventType "swiss"]
[EventRounds "7"]
[EventCountry "ESP"]
[SourceTitle "EXT 2024"]
[Source "ChessBase"]
[SourceDate "2023.10.10"]
[SourceVersion "1"]
[SourceVersionDate "2023.10.10"]
[SourceQuality "1"]

1. e4 e5 2. Nf3 Nc6 3. Bb5 a6 4. Ba4 Nf6 5. 0-0 b5 6. Bb3 Bc5 7. c3 d6 8. Re1 Bb6 9. h3 0-0 10. a4 Rb8 11. d4 h6 12. Bc2 Re8 13. d5 Ne7 14. axb5 axb5 15. Be3 Bxe3 16. Rxe3 Ng6 17. Nbd2 Nh5 18. Nf1 Bd7 19. Ng3 Nhf4 20. Ne2 Ra8 21. Rxa8 Qxa8 22. Nxf4 Nxf4 23. Kh2 Qa2 24. b3 Ra8 25. Qd2 Qa6 26. Ng1 Qc8 27. Qd1 Ra2 28. Qb1 Qa8 29. Re1 Qa7 30. Rf1 Qa3 31. Rd1 Rb2 32. Qc1 Qa2 33. Rd2 Nd3 34. Qd1 Nc5 35. Qe2 Qa3 36. b4 Na4 37. Bxa4 Rxd2 38. Qxd2 bxa4 39. Ne2 Bb5 40. Nc1 Bc4 41. Qd1 Qa1 42. Qg4 g6 43. Qc8+ Kg7 44. Qxc7 Qxc1 45. Qxc4 a3 46. b5 Qb2 47. Qc7 a2 48. Qxd6 Qxc3 49. b6 a1Q 50. b7 Qcc1 51. Qb6 Qf4+ 52. g3 Qf3 0-1

[Event "ESP-ch Amateurs U2000"]
[Site "Murcia"]
[Date "2022.08.30"]
[Round "1.8"]
[White "Garijo Perez, Hugo"]
[Black "Sabater Sanchez, Felix"]
[Result "1-0"]
[WhiteElo "1962"]
[BlackElo "1797"]
[PlyCount "32"]
[EventDate "2022.08.30"]
[EventType "swiss"]
[EventRounds "7"]
[EventCountry "ESP"]
[SourceTitle "EXT 2024"]
[Source "ChessBase"]
[SourceDate "2023.10.10"]
[SourceVersion "1"]
[SourceVersionDate "2023.10.10"]
[SourceQuality "1"]

1. e4 c5 2. Nf3 d6 3. d4 cxd4 4. Nxd4 Nf6 5. Nc3 e6 6. Be3 Nc6 7. Be2 Be7 8. 0-0 0-0 9. Qd2 a6 10. f4 e5 11. Nxc6 bxc6 12. fxe5 dxe5 13. Qe1 Bb4 14. a3 Ba5 15. Rd1 Qc7 16. Rxf6 Bb4 1-0

[Event "ESP-ch U16"]
[Site "Salobrena"]
[Date "2022.07.27"]
[Round "5"]
[White "Garijo Perez, Hugo"]
[Black "Aguado Doncel, Pablo Luis"]
[Result "1/2-1/2"]
[WhiteElo "1962"]
[BlackElo "2029"]
[PlyCount "60"]
[EventDate "2022.07.25"]
[EventType "swiss"]
[EventRounds "9"]
[EventCountry "ESP"]
[SourceTitle "EXT 2023"]
[Source "ChessBase"]
[SourceDate "2022.10.05"]
[SourceVersion "1"]
[SourceVersionDate "2022.10.05"]
[SourceQuality "1"]

1. e4 c5 2. Nf3 Nc6 3. Bb5 Nd4 4. Nxd4 cxd4 5. c3 a6 6. Be2 dxc3 7. Nxc3 e6 8. d4 b5 9. a3 Bb7 10. 0-0 Nf6 11. Bf3 d5 12. Bg5 Be7 13. exd5 Nxd5 14. Bxe7 Kxe7 15. Rc1 Re8 16. Nxd5+ Bxd5 17. Bxd5 Qxd5 18. Rc5 Qd7 19. Qc2 Rec8 20. Rc1 Rxc5 21. dxc5 Rd8 22. c6 Qd6 23. h3 g6 24. c7 Rc8 25. Qc6 Qxc6 26. Rxc6 Kd7 27. Rxa6 Rxc7 28. Rb6 Rc5 29. Rb7+ Ke8 30. g3 h5 1/2-1/2

[Event "ESP-ch U14"]
[Site "Salobrena"]
[Date "2021.07.17"]
[Round "9"]
[White "Fernandez Climent, Albert"]
[Black "Garijo Perez, Hugo"]
[Result "1-0"]
[WhiteElo "1807"]
[BlackElo "1746"]
[PlyCount "63"]
[EventDate "2021.07.12"]
[EventType "swiss"]
[EventRounds "9"]
[EventCountry "ESP"]
[SourceTitle "EXT 2022"]
[Source "ChessBase"]
[SourceDate "2021.10.06"]
[SourceVersion "1"]
[SourceVersionDate "2021.10.06"]
[SourceQuality "1"]

1. e4 c5 2. Nf3 g6 3. d4 cxd4 4. Qxd4 Nf6 5. e5 Nc6 6. Qa4 Nd5 7. Qe4 Nc7 8. Nc3 Bg7 9. Bf4 Ne6 10. Bg3 Qa5 11. 0-0-0 0-0 12. h4 h5 13. Bc4 Qc5 14. Rhe1 a6 15. Rd5 Qa7 16. Rdd1 Rb8 17. Ng5 Na5 18. Nd5 Nc6 19. f4 Nxg5 20. fxg5 b5 21. Bb3 d6 22. exd6 Bf5 23. Nxe7+ Nxe7 24. Qxe7 Qc5 25. d7 Qxe7 26. Rxe7 Rbd8 27. Bc7 Rxd7 28. Rexd7 Bxd7 29. Rxd7 Rc8 30. Bxf7+ Kh7 31. Be6 Re8 32. Be5 1-0

[Event "ESP-ch U14"]
[Site "Salobrena"]
[Date "2021.07.16"]
[Round "7"]
[White "Lobo Pereira, Arami"]
[Black "Garijo Perez, Hugo"]
[Result "1/2-1/2"]
[WhiteElo "1815"]
[BlackElo "1746"]
[PlyCount "96"]
[EventDate "2021.07.12"]
[EventType "swiss"]
[EventRounds "9"]
[EventCountry "ESP"]
[SourceTitle "EXT 2022"]
[Source "ChessBase"]
[SourceDate "2021.10.06"]
[SourceVersion "1"]
[SourceVersionDate "2021.10.06"]
[SourceQuality "1"]

1. e4 c5 2. Nf3 g6 3. d4 cxd4 4. Nxd4 Bg7 5. c4 Nf6 6. Nc3 d6 7. Be2 Nc6 8. Be3 0-0 9. 0-0 Be6 10. f3 Nd7 11. Kh1 Nxd4 12. Bxd4 Bxd4 13. Qxd4 Qb6 14. Qd2 Ne5 15. b3 Nc6 16. Rad1 f6 17. f4 Bf7 18. Rf3 Kg7 19. Rg3 Rh8 20. Bg4 Rad8 21. h4 Rdg8 22. Nd5 Qd8 23. Ne3 Kf8 24. c5 h5 25. Bh3 Kg7 26. cxd6 Kh7 27. dxe7 Qxe7 28. Nd5 Qd6 29. Rd3 Rd8 30. g3 Kg7 31. Qc3 Rhe8 32. Bg2 Bxd5 33. Rxd5 Qe7 34. Rxd8 Rxd8 35. Rd5 Rxd5 36. exd5 Nd8 37. Qd2 b6 38. Bf3 Qd7 39. Kg2 Nf7 40. Qc2 Nd6 41. a4 Nf5 42. Qc6 Qe7 43. Qc3 Qc5 44. Qxc5 bxc5 45. Kh3 Nd4 46. d6 Kf8 47. Bd5 Nf5 48. d7 Ke7 1/2-1/2

[Event "ESP-chT Regional U14"]
[Site "Gijon"]
[Date "2021.06.19"]
[Round "5.1"]
[White "Garijo Perez, Hugo"]
[Black "Valle Luis, Leo"]
[Result "1/2-1/2"]
[WhiteElo "1744"]
[BlackElo "1798"]
[PlyCount "118"]
[EventDate "2021.06.17"]
[EventType "team-swiss"]
[EventRounds "6"]
[EventCountry "ESP"]
[SourceTitle "EXT 2022"]
[Source "ChessBase"]
[SourceDate "2021.10.06"]
[SourceVersion "1"]
[SourceVersionDate "2021.10.06"]
[SourceQuality "1"]
[WhiteTeam "Murcia U14"]
[BlackTeam "Catalunya U14"]
[WhiteTeamCountry "ESP"]
[BlackTeamCountry "ESP"]

1. e4 d5 2. exd5 Qxd5 3. Nc3 Qa5 4. d4 c6 5. Nf3 Nf6 6. Bc4 e6 7. Bd2 Qc7 8. Qe2 b5 9. Bb3 a5 10. a4 b4 11. Ne4 Nxe4 12. Qxe4 Nd7 13. 0-0 Nf6 14. Qe2 Bd6 15. Rfe1 0-0 16. c4 c5 17. dxc5 Bxc5 18. Bc2 Bb7 19. Bg5 Ng4 20. Be3 Bxf3 21. Qxf3 Qxh2+ 22. Kf1 Qh4 23. Ke2 Ne5 24. Qe4 Qxe4 25. Bxe4 Rac8 26. b3 Bxe3 27. Kxe3 f5 28. Bc2 Ng4+ 29. Kf3 e5 30. Rad1 e4+ 31. Kg3 h5 32. Kh4 Nxf2 33. Rd2 Ng4 34. Kxh5 Rcd8 35. Rde2 Ne5 36. Kg5 Nc6 37. Rf2 Nd4 38. Bd1 Ne6+ 39. Kh4 Rd3 40. g4 g5+ 41. Kh5 Rh3+ 42. Kg6 Nf4+ 43. Kxg5 Nd3 44. Rfe2 Rg3 45. Re3 f4 46. Rxg3 fxg3 47. Rg1 Nf2 48. Kh4 Rd8 49. Be2 Rd2 50. Bf1 e3 51. Kxg3 Rb2 52. c5 Ne4+ 53. Kf3 Nxc5 54. Bc4+ Kg7 55. Kxe3 Nxb3 56. Rd1 Nc5 57. Rd5 Nxa4 58. Rxa5 Nc3 59. Ra7+ Kg6 1/2-1/2

[Event "ESP-chT Regional U14"]
[Site "Gijon"]
[Date "2021.06.17"]
[Round "1.1"]
[White "Centeno Mendoza, Julio Stefano"]
[Black "Garijo Perez, Hugo"]
[Result "1-0"]
[WhiteElo "2001"]
[BlackElo "1744"]
[PlyCount "119"]
[EventDate "2021.06.17"]
[EventType "team-swiss"]
[EventRounds "6"]
[EventCountry "ESP"]
[SourceTitle "EXT 2022"]
[Source "ChessBase"]
[SourceDate "2021.10.06"]
[SourceVersion "1"]
[SourceVersionDate "2021.10.06"]
[SourceQuality "1"]
[WhiteTeam "Madrid U14"]
[BlackTeam "Murcia U14"]
[WhiteTeamCountry "ESP"]
[BlackTeamCountry "ESP"]

1. e4 c5 2. Nf3 g6 3. c3 Bg7 4. d4 cxd4 5. cxd4 d5 6. e5 Nc6 7. Bb5 e6 8. 0-0 Bd7 9. Nc3 h6 10. a3 Nge7 11. b4 Rc8 12. Bb2 a6 13. Bd3 b5 14. Rc1 0-0 15. Nb1 Qb6 16. Nbd2 Nd8 17. Nb3 Nb7 18. Nc5 Nxc5 19. dxc5 Qc7 20. Qe2 Nc6 21. Rfe1 Rb8 22. h4 Be8 23. Nh2 Qe7 24. h5 Qg5 25. hxg6 fxg6 26. Nf3 Qf4 27. Bc3 Qg4 28. Nd4 Qxe2 29. Bxe2 Nxd4 30. Bxd4 Bc6 31. g3 Rbe8 32. a4 Ra8 33. axb5 axb5 34. Ra1 Rfb8 35. f4 Bf8 36. Kf2 Kf7 37. g4 Ke7 38. Ke3 Be8 39. Bc3 Kd8 40. Kd4 Kc7 41. f5 gxf5 42. gxf5 exf5 43. Bd2 Kc6 44. Bf4 Rd8 45. Bf3 Bf7 46. Rxa8 Rxa8 47. e6 Bg7+ 48. Be5 Bxe5+ 49. Kxe5 Bxe6 50. Rh1 Ra3 51. Bxd5+ Bxd5 52. Rxh6+ Kc7 53. Kxd5 f4 54. Rh7+ Kb8 55. Rf7 f3 56. Kc6 Re3 57. Kb6 Re6+ 58. c6 Re8 59. Rxf3 Kc8 60. Ra3 1-0